New York City quiz - Statistics

General Stats
  • This quiz has been taken 37 times
  • The average score is 7 of 10
Answer Stats
Question Answer % Correct
Which river is going through New York City? Hudson
100%
New York is the ... city in the USA Largest
100%
What is New York City also called? The Big Apple
100%
New York City is home to the country's largest zoo, which features more than 4000 animals. What is the name of the zoo? Bronx Zoo
86%
What was New York Originally called? New Amsterdam
86%
Which country owned New York City until 1664? The Netherlands
86%
In which date was New York City the capital of the United States 1785
71%
The New York Aquarium is located in which New York City borough? Brooklyn
43%
How tall is the Empire State Building? 1250 feet (380meters)
29%
How many inhabitants does New York City (metro area) have? 18,937 million
14%
No matching quizzes found
Score Distribution
Percent of People with Each Score
Percentile by Number Answered
Your Score History
You have not taken this quiz